[Event "7th Cesme Open-A 2019"]
[Site "Cesme"]
[Date "2019.06.25"]
[Round "2"]
[White "Mammadov, Zaur"]
[Black "Bashirov, Teymur"]
[Result "0-1"]
[WhiteElo "2428"]
[BlackElo "2238"]
[Annotator "TA"]
[PlyCount "74"]
[EventDate "2019.06.24"]
[EventType "swiss"]
[EventCountry "TUR"]
[SourceTitle "playchess.com"]
[Source "ChessBase"]
[SourceQuality "1"]

{[%evp 9,74,4,19,18,16,-13,-21,-21,-16,-5,0,0,0,-13,-3,-91,-84,-108,-101,-99,-104,-132,-133,-133,-128,-128,-129,-124,-123,-137,-133,-155,-155,-178,-174,-195,-192,-215,-210,-249,-226,-239,-233,-294,-300,-424,-429,-491,-486,-476,-454,-513,-530,-485,-493,-1118,-1610,-29988,-29989,-29991,-29988,-29988,-29988,-29995,-29996,-29996,-29997]} 1. e4 e5 2. Nf3 Nf6 3. Nc3 Nc6 4. Be2 Bb4 5. Nd5 Nxd5 6. exd5 {C47: Scotch Four Knights and Four Knights with 4 g3} Nd4 7. Nxe5 $146 ({Predecessor:} 7. Nxd4 exd4 8. O-O O-O 9. a3 Be7 10. d3 d6 11. Bg4 f5 12. Bf3 Bd7 {1-0 (29) Van Foreest,J (2631)-Postny,E (2575) Berlin 2018}) 7... Qg5 8. Ng4 {The position is equal.} f5 9. c3 $132 {[%mdl 2048] White has counterplay} fxg4 10. cxd4 Qxd5 11. O-O O-O 12. Qa4 (12. Bxg4 $11 Qxd4 13. d3) 12... Qxd4 $17 13. d3 d5 14. Be3 Qxb2 15. Rab1 Qxe2 16. Qxb4 Qxd3 {[#] White must now prevent ...b6.} 17. Qe7 b6 18. Qxc7 Ba6 {...d4 is the strong threat.} 19. Rfd1 Qf5 20. Bd4 {[%csl Gd4][%cal Rc7g7]} Rf7 21. Qg3 Re8 22. a4 Re4 {And now ...Rxd4! would win.} 23. Rbc1 h5 24. a5 Be2 25. Rd2 bxa5 26. Bxa7 a4 27. Qb8+ (27. Qd6 {was the only chance.}) 27... Kh7 $19 28. Bc5 Rc4 29. Rxc4 dxc4 ({Less strong is} 29... Bxc4 30. Qb2 $19) 30. Be3 Bd3 31. Qb4 h4 {Strongly threatening ...Qe4.} 32. Qxa4 (32. Rd1 $142) 32... h3 {( -> ...Qe4)} 33. Qc6 {[#]} Be2 $1 {[%mdl 512] Black mates.} 34. Rb2 (34. Rxe2 Qb1+) 34... Rd7 {[%cal Rd7d1]} 35. f4 gxf3 36. gxf3 Rd1+ 37. Kf2 Rf1+ {Accuracy: White = 33%, Black = 97%.} 0-1

[Event "7th Cesme Open-A 2019"]
[Site "Cesme"]
[Date "2019.06.25"]
[Round "2"]
[White "Gokerkan, Cem Kaan"]
[Black "Ozkan, Ervin"]
[Result "1-0"]
[WhiteElo "2415"]
[BlackElo "2159"]
[Annotator "TA"]
[PlyCount "85"]
[EventDate "2019.06.24"]
[EventType "swiss"]
[EventCountry "TUR"]
[SourceTitle "playchess.com"]
[Source "ChessBase"]
[SourceQuality "1"]

{[%evp 10,85,25,24,27,14,19,18,18,4,12,6,0,-10,-3,-4,2,2,6,0,0,1,17,26,27,16,28,-30,-14,-115,-115,-118,-114,-111,-108,-84,-41,-35,-40,-55,0,-4,-6,-67,-76,-78,-76,-75,0,0,0,0,168,166,185,174,179,197,240,191,304,302,309,305,387,387,385,382,564,560,937,934,1167,1149,1188,319,919,881]} 1. e4 c6 2. d4 d5 3. e5 Bf5 4. Nd2 e6 5. Nb3 Nd7 6. Nf3 Ne7 {B12: Caro-Kann: Advance Variation} 7. Be2 Nc8 (7... h6 8. a4 Qc7 9. O-O g5 10. a5 O-O-O 11. Bd2 a6 12. c4 dxc4 13. Bxc4 Nd5 14. Qe2 {0-1 (38) Movsesian,S (2629)-Shankland,S (2725) chess.com INT 2019}) 8. O-O Be7 {The position is equal.} 9. Re1 O-O 10. Bf4 Ncb6 $146 ({Predecessor:} 10... c5 11. dxc5 Nxc5 12. Be3 Qc7 13. Nxc5 Bxc5 14. Bxc5 Qxc5 {½-½ (43) Thorhallsson,T (2387)-Thorfinnsson,B (2417) Egilsstadir 2011}) 11. c3 Nc4 12. Qc1 c5 13. dxc5 Nxc5 14. Nxc5 Bxc5 15. b3 Nb6 (15... Ba3 $5 16. Qd1 $8 Nb6 $11) 16. a4 Rc8 17. a5 Nd7 18. a6 (18. Qb2 $142) 18... Qb6 $11 19. axb7 (19. Be3 $1 $11 {keeps the balance.}) 19... Bxf2+ $17 {[%mdl 64] Double Attack} 20. Kh1 {[#]} Rc7 $1 21. Rf1 {[#] Threatens to win with b4.} Bc5 $1 ({Stronger than} 21... Rxb7 22. Ra6 $16) 22. Qd1 Qxb7 23. b4 Bb6 24. Nd4 Bg6 ({Better is} 24... Rxc3 $15 25. Nxf5 exf5) 25. Nb5 $11 Rc6 26. c4 (26. Nd6 $11 Qb8 27. Bb5 Nxe5 {[%mdl 64] Remove Defender} 28. Bxe5 Rxd6 29. Bd3) 26... dxc4 $15 27. Bf3 Bd3 28. Re1 Bf2 {[#]} (28... Nb8 $17 {White must now prevent ...Bf2.} 29. Nd6 Qe7 30. Bxc6 Nxc6) 29. Nxa7 $1 $11 {[%mdl 576] Decoy} Bxa7 30. Qa4 {[%mdl 64] Pin} Nb8 $2 (30... Bf2 $11 31. Bxc6 Nb6 32. Bxb7 Nxa4) 31. b5 $18 {[%mdl 64] Pin} Bf2 32. bxc6 Qc7 33. Red1 Bd4 34. Qa5 Bb6 (34... Qc8 $142) 35. Qb5 h6 {If only Black now had time for ...g5....} 36. Bd2 Rc8 {[%cal Rb8c6]} 37. Bb4 Nxc6 {Hoping for ...Nd4.} 38. Bd6 Qb7 (38... Qd8 {might work better.}) 39. Ra6 c3 40. Qxd3 c2 41. Rc1 Be3 42. Rxc6 $2 (42. Bxc6 Bxc1 43. Bxb7) 42... Rxc6 $2 (42... Bxc1 43. Rxc2 Qd7) 43. Bxc6 {Accuracy: White = 63%, Black = 63%.} 1-0

[Event "7th Cesme Open-A 2019"]
[Site "Cesme"]
[Date "2019.06.25"]
[Round "2"]
[White "Barsov, Alexei"]
[Black "Kara, Yanki"]
[Result "1/2-1/2"]
[WhiteElo "2397"]
[BlackElo "2186"]
[Annotator "TA"]
[PlyCount "43"]
[EventDate "2019.06.24"]
[EventType "swiss"]
[EventCountry "TUR"]
[SourceTitle "playchess.com"]
[Source "ChessBase"]
[SourceQuality "1"]

{[%evp 17,34,4,29,0,0,0,0,-15,-13,-27,-22,-53,-63,-53,0,-23,0,-55,0]} 1. d4 Nf6 2. Nf3 e6 3. c4 d5 4. Nc3 Be7 5. g3 O-O 6. Bg2 c6 7. O-O b6 8. Ne5 Bb7 9. Bf4 Nbd7 10. cxd5 {E16: Queen's Indian: 4 g3 Bb7 5 Bg2 Bb4+} (10. e4 dxe4 11. Nxe4 Nxe5 12. Nxf6+ Bxf6 13. dxe5 Be7 14. h4 Qxd1 15. Rfxd1 Rfd8 16. a3 Kf8 17. b4 Ke8 {1-0 (30) Vallejo Pons,F (2717)-Karthikeyan,M (2579) Tbilisi 2017}) 10... cxd5 11. Rc1 Rc8 12. Qb3 {The position is equal.} Nxe5 13. Bxe5 Qd7 14. Nb5 Bc6 15. Nc3 Bb7 16. Nb5 Bc6 17. Nc3 $1 Bb7 (17... b5 $15) {Predecessor:} 18. Qb5 $146 Bc6 19. Qd3 Qb7 20. Rfd1 Ne4 21. f3 Nxc3 22. Rxc3 {½-½ (37) Rajkovic,D (2495)-Kurajica,B (2520) Ptuj 1991} 1/2-1/2

[Event "7th Cesme Open-A 2019"]
[Site "Cesme"]
[Date "2019.06.25"]
[Round "2"]
[White "Tuncer, Tuna"]
[Black "Yilmaz, Goktan"]
[Result "1/2-1/2"]
[WhiteElo "2365"]
[BlackElo "2155"]
[Annotator "ChessBase"]
[PlyCount "77"]
[EventDate "2019.06.24"]
[EventType "swiss"]
[EventCountry "TUR"]
[SourceTitle "playchess.com"]
[Source "ChessBase"]
[SourceQuality "1"]
[TimeControl "5400+30"]

1. e4 {[%emt 0:00:30]} c5 {[%emt 0:00:30]} 2. Nf3 {[%emt 0:00:00]} d6 {[%emt 0:00:30]} 3. d4 {[%emt 0:00:00]} cxd4 {[%emt 0:00:30]} 4. Nxd4 {[%emt 0:00:30]} Nf6 {[%emt 0:00:30]} 5. Nc3 {[%emt 0:00:30]} a6 {[%emt 0:00:00]} 6. Bg5 {[%emt 0:00:00]} Nbd7 {[%emt 0:00:00]} 7. Qe2 {[%emt 0:00:00]} Qa5 {[%emt 0:00:00]} 8. Bd2 {[%emt 0:00:30]} Qc7 {[%emt 0:00:00]} 9. g4 {[%emt 0:00:30]} h6 {[%emt 0:00:30]} 10. h4 {[%emt 0:19:30]} b5 {[%emt 0:12:30]} 11. Bg2 {[%emt 0:05:30]} e5 {[%emt 0:09:30]} 12. Nd5 {[%emt 0:05:30]} Nxd5 {[%emt 0:07:30]} 13. exd5 {[%emt 0:01:30]} Qc4 {[%emt 0:07:30]} 14. Qxc4 {[%emt 0:04:30]} bxc4 {[%emt 0:00:30]} 15. Ne2 {[%emt 0:12:30]} Nc5 {[%emt 0:03:30]} 16. g5 {[%emt 0:01:30]} hxg5 {[%emt 0:01:30]} 17. hxg5 {[%emt 0:01:30]} Rxh1+ {[%emt 0:00:30]} 18. Bxh1 {[%emt 0:00:00]} Bf5 {[%emt 0:00:30]} 19. O-O-O {[%emt 0:01:00]} Ne4 {[%emt 0:08:30]} 20. Be3 {[%emt 0:02:30]} Be7 {[%emt 0:00:30]} 21. Rg1 {[%emt 0:00:30]} O-O-O {[%emt 0:05:30]} 22. f3 {[%emt 0:02:30]} Nc5 {[%emt 0:00:30]} 23. Bg2 {[%emt 0:01:30]} Rh8 {[%emt 0:02:30]} 24. Rh1 {[%emt 0:00:30]} Rxh1+ {[%emt 0:00:30]} 25. Bxh1 {[%emt 0:00:00]} Nd7 {[%emt 0:04:30]} 26. Bg2 {[%emt 0:03:00]} Kc7 {[%emt 0:01:30]} 27. b3 {[%emt 0:17:30]} cxb3 {[%emt 0:02:30]} 28. axb3 {[%emt 0:00:30]} Nf8 {[%emt 0:03:30]} 29. Ng3 {[%emt 0:05:45]} Bg6 {[%emt 0:01:30]} 30. Bf1 {[%emt 0:02:12]} Kb7 {[%emt 0:00:30]} 31. Bd3 {[%emt 0:06:53]} Bxd3 {[%emt 0:01:30]} 32. cxd3 {[%emt 0:00:03]} Nd7 {[%emt 0:05:30]} 33. Nf5 {[%emt 0:02:01]} Bf8 {[%emt 0:00:30]} 34. d4 {[%emt 0:00:30]} Nb6 {[%emt 0:04:12]} 35. dxe5 {[%emt 0:01:21]} Nxd5 {[%emt 0:00:15]} 36. Bd4 {[%emt 0:01:11]} dxe5 {[%emt 0:00:30]} 37. Bxe5 {[%emt 0:00:18]} f6 {[%emt 0:00:41]} 38. Bxf6 {[%emt 0:00:36]} Nxf6 {[%emt 0:00:30]} 39. gxf6 {[%emt 0:00:30]} 1/2-1/2

[Event "7th Cesme Open-A 2019"]
[Site "Cesme"]
[Date "2019.06.25"]
[Round "2"]
[White "Annageldyev, Orazly"]
[Black "Erdogan, Anil Berk"]
[Result "1/2-1/2"]
[WhiteElo "2353"]
[BlackElo "2087"]
[Annotator "ChessBase"]
[PlyCount "94"]
[EventDate "2019.06.24"]
[EventType "swiss"]
[EventCountry "TUR"]
[SourceTitle "playchess.com"]
[Source "ChessBase"]
[SourceQuality "1"]
[TimeControl "5400+30"]

1. d4 {[%emt 0:00:30]} Nf6 {[%emt 0:02:30]} 2. Nf3 {[%emt 0:00:30]} c5 {[%emt 0:01:30]} 3. e3 {[%emt 0:00:00]} g6 {[%emt 0:01:30]} 4. Be2 {[%emt 0:00:00]} Bg7 {[%emt 0:01:30]} 5. O-O {[%emt 0:00:30]} Qc7 {[%emt 0:09:30]} 6. c4 {[%emt 0:08:30]} cxd4 {[%emt 0:03:30]} 7. Nxd4 {[%emt 0:00:30]} a6 {[%emt 0:04:30]} 8. Nc3 {[%emt 0:00:30]} d6 {[%emt 0:04:30]} 9. e4 {[%emt 0:04:30]} O-O {[%emt 0:03:30]} 10. Be3 {[%emt 0:02:30]} Nc6 {[%emt 0:00:30]} 11. Rc1 {[%emt 0:01:30]} Nxd4 {[%emt 0:04:30]} 12. Bxd4 {[%emt 0:00:30]} Be6 {[%emt 0:01:30]} 13. f4 {[%emt 0:40:30]} Qa5 {[%emt 0:15:30]} 14. f5 {[%emt 0:05:30]} Bd7 {[%emt 0:03:30]} 15. Kh1 {[%emt 0:17:13]} Bc6 {[%emt 0:04:30]} 16. Qd3 {[%emt 0:07:49]} Nd7 {[%emt 0:03:30]} 17. Bxg7 {[%emt 0:00:37]} Kxg7 {[%emt 0:00:30]} 18. a3 {[%emt 0:01:15]} Qe5 {[%emt 0:01:30]} 19. b4 {[%emt 0:00:40]} Nf6 {[%emt 0:09:30]} 20. Bf3 {[%emt 0:00:08]} b5 {[%emt 0:00:30]} 21. Rcd1 {[%emt 0:04:02]} bxc4 {[%emt 0:02:30]} 22. Qxc4 {[%emt 0:00:07]} Bb5 {[%emt 0:00:31]} 23. Nxb5 {[%emt 0:00:36]} axb5 {[%emt 0:00:29]} 24. Qd3 {[%emt 0:00:00]} Rfc8 {[%emt 0:00:33]} 25. Rc1 {[%emt 0:01:28]} Rxc1 {[%emt 0:04:42]} 26. Rxc1 {[%emt 0:00:06]} Qb2 {[%emt 0:00:00]} 27. Rg1 {[%emt 0:01:29]} Rxa3 {[%emt 0:03:59]} 28. Qxb5 {[%emt 0:00:08]} Qd4 {[%emt 0:00:41]} 29. Qe2 {[%emt 0:02:18]} Qxb4 {[%emt 0:05:25]} 30. fxg6 {[%emt 0:00:09]} hxg6 {[%emt 0:00:36]} 31. e5 {[%emt 0:00:06]} dxe5 {[%emt 0:00:39]} 32. Qxe5 {[%emt 0:00:06]} Rb3 {[%emt 0:01:17]} 33. Qa1 {[%emt 0:00:28]} Re3 {[%emt 0:02:01]} 34. h3 {[%emt 0:00:11]} Qc3 {[%emt 0:01:45]} 35. Qd1 {[%emt 0:00:10]} Qd3 {[%emt 0:01:13]} 36. Qa1 {[%emt 0:00:21]} Qc3 {[%emt 0:00:54]} 37. Qd1 {[%emt 0:00:30]} Qe5 {[%emt 0:00:00]} 38. Rf1 {[%emt 0:00:00]} Ng8 {[%emt 0:01:47]} 39. Qa1 {[%emt 0:02:57]} Nh6 {[%emt 0:02:09]} 40. Qxe5+ {[%emt 0:00:00]} Rxe5 {[%emt 0:00:43]} 41. g4 {[%emt 0:00:00]} f5 {[%emt 0:00:02]} 42. Kg2 {[%emt 0:00:41]} Ra5 {[%emt 0:00:30]} 43. Rb1 {[%emt 0:00:06]} Ra7 {[%emt 0:00:39]} 44. Rb5 {[%emt 0:00:30]} Kf6 {[%emt 0:00:30]} 45. Rb6+ {[%emt 0:00:30]} e6 {[%emt 0:00:43]} 46. Bd5 {[%emt 0:00:16]} Re7 {[%emt 0:00:00]} 47. Bxe6 {[%emt 0:00:51]} fxg4 {[%emt 0:00:28]} 1/2-1/2

[Event "7th Cesme Open-A 2019"]
[Site "Cesme"]
[Date "2019.06.25"]
[Round "2"]
[White "Rzayev, Bahruz"]
[Black "Rzayev, Askar Aliakbar"]
[Result "1/2-1/2"]
[WhiteElo "2340"]
[BlackElo "2089"]
[Annotator "NA"]
[PlyCount "54"]
[EventDate "2019.06.24"]
[EventType "swiss"]
[EventCountry "TUR"]
[SourceTitle "playchess.com"]
[Source "ChessBase"]
[SourceQuality "1"]
[TimeControl "5400+30"]

1. e4 {[%emt 0:00:30]} e5 {[%emt 0:04:30]} 2. Nf3 {[%emt 0:00:30]} Nc6 {[%emt 0:00:00]} 3. Bc4 {[%emt 0:01:30]} Bc5 {[%emt 0:00:00]} 4. c3 {[%emt 0:00:30]} Nf6 {[%emt 0:00:30]} 5. d3 {[%emt 0:00:00]} O-O {[%emt 0:02:30]} 6. b4 {[%emt 0:01:00]} Bb6 {[%emt 0:00:30]} 7. a4 {[%emt 0:00:30]} a6 {[%emt 0:00:30]} 8. O-O {[%emt 0:01:30]} h6 {[%emt 0:06:30]} 9. Re1 {[%emt 0:04:30]} d6 {[%emt 0:00:30]} 10. Be3 {[%emt 0:00:30]} Bxe3 {[%emt 0:00:30]} 11. Rxe3 {[%emt 0:00:30]} Kh8 {[%emt 0:03:30]} 12. Nbd2 {[%emt 0:02:30]} a5 {[%emt 0:07:30]} 13. b5 {[%emt 0:03:30]} Ne7 {[%emt 0:00:00]} 14. Qb3 {[%emt 0:01:30]} Qe8 {[%emt 0:01:00]} 15. d4 {[%emt 0:04:30]} Ng6 {[%emt 0:00:30]} 16. b6 {[%emt 0:03:30]} c6 {[%emt 0:02:30]} 17. Qa3 {[%emt 0:11:30]} Qd8 {[%emt 0:02:30]} 18. Ba2 {[%emt 0:06:30]} exd4 {[%emt 0:11:30]} 19. cxd4 {[%emt 0:05:30]} d5 {[%emt 0:00:30]} 20. exd5 {[%emt 0:05:30]} Nxd5 {[%emt 0:01:30]} 21. Bxd5 {[%emt 0:00:00]} Qxd5 {[%emt 0:00:00]} 22. Rc1 {[%emt 0:00:00]} Be6 {[%emt 0:04:00]} 23. Ne4 {[%emt 0:03:30]} Qd8 {[%emt 0:05:30]} 24. Qc5 {[%emt 0:03:30]} Nf4 {[%emt 0:06:30]} 25. Ne5 {[%emt 0:04:30]} Bd5 {[%emt 0:05:30]} 26. Rb1 {[%emt 0:03:30]} f6 {[%emt 0:08:30]} 27. Nf3 {[%emt 0:01:30]} Qd7 {[%emt 0:03:30]} 1/2-1/2

[Event "7th Cesme Open-A 2019"]
[Site "Cesme"]
[Date "2019.06.25"]
[Round "2"]
[White "Guliev, Logman"]
[Black "Unat, Can Haktan"]
[Result "0-1"]
[WhiteElo "2320"]
[BlackElo "2079"]
[Annotator "ChessBase"]
[PlyCount "112"]
[EventDate "2019.06.24"]
[EventType "swiss"]
[EventCountry "TUR"]
[SourceTitle "playchess.com"]
[Source "ChessBase"]
[SourceQuality "1"]
[TimeControl "5400+30"]

1. e4 {[%emt 0:02:30]} c5 {[%emt 0:04:30]} 2. Nf3 {[%emt 0:00:30]} d6 {[%emt 0:00:30]} 3. d4 {[%emt 0:00:00]} cxd4 {[%emt 0:00:30]} 4. Nxd4 {[%emt 0:00:00]} Nf6 {[%emt 0:00:00]} 5. Nc3 {[%emt 0:00:30]} Nc6 {[%emt 0:00:00]} 6. Bg5 {[%emt 0:00:30]} e6 {[%emt 0:00:00]} 7. Qd2 {[%emt 0:00:00]} a6 {[%emt 0:00:00]} 8. O-O-O {[%emt 0:00:00]} Bd7 {[%emt 0:00:00]} 9. f3 {[%emt 0:00:00]} h6 {[%emt 0:00:00]} 10. Be3 {[%emt 0:00:00]} h5 {[%emt 0:00:00]} 11. Kb1 {[%emt 0:01:30]} b5 {[%emt 0:02:00]} 12. Nxc6 {[%emt 0:01:30]} Bxc6 {[%emt 0:00:30]} 13. Ne2 {[%emt 0:00:00]} Be7 {[%emt 0:03:30]} 14. Nd4 {[%emt 0:00:00]} Bb7 {[%emt 0:00:30]} 15. Bg5 {[%emt 0:01:30]} Nxe4 {[%emt 0:00:30]} 16. fxe4 {[%emt 0:01:30]} Bxg5 {[%emt 0:00:30]} 17. Qe1 {[%emt 0:08:30]} Bf6 {[%emt 0:02:30]} 18. Nf3 {[%emt 0:02:30]} Qc7 {[%emt 0:02:30]} 19. Bd3 {[%emt 0:00:30]} Rc8 {[%emt 0:01:30]} 20. Qg3 {[%emt 0:00:30]} Qc5 {[%emt 0:06:30]} 21. c3 {[%emt 0:01:30]} b4 {[%emt 0:06:30]} 22. c4 {[%emt 0:00:30]} h4 {[%emt 0:01:30]} 23. Qf4 {[%emt 0:01:30]} a5 {[%emt 0:08:30]} 24. g4 {[%emt 0:05:30]} Be5 {[%emt 0:11:30]} 25. Qg5 {[%emt 0:06:30]} Bd4 {[%emt 0:00:30]} 26. Qd2 {[%emt 0:02:30]} Be3 {[%emt 0:00:30]} 27. Qe2 {[%emt 0:09:30]} g5 {[%emt 0:02:30]} 28. Rhf1 {[%emt 0:18:30]} a4 {[%emt 0:02:30]} 29. Rde1 {[%emt 0:11:30]} Bf4 {[%emt 0:01:30]} 30. Qc2 {[%emt 0:00:30]} Bc6 {[%emt 0:03:30]} 31. Qe2 {[%emt 0:01:30]} Ke7 {[%emt 0:05:30]} 32. Rd1 {[%emt 0:04:30]} f6 {[%emt 0:07:30]} 33. Rde1 {[%emt 0:00:31]} Bd7 {[%emt 0:01:30]} 34. Qd1 {[%emt 0:03:47]} Rc7 {[%emt 0:04:30]} 35. Qe2 {[%emt 0:00:14]} Bc8 {[%emt 0:04:59]} 36. Qf2 {[%emt 0:05:24]} Ba6 {[%emt 0:03:52]} 37. b3 {[%emt 0:00:32]} a3 {[%emt 0:04:06]} 38. Qe2 {[%emt 0:00:59]} Bb7 {[%emt 0:01:49]} 39. Bc2 {[%emt 0:01:23]} Ra8 {[%emt 0:01:52]} 40. Bd3 {[%emt 0:00:53]} Rh8 {[%emt 0:00:34]} 41. Bc2 {[%emt 0:00:57]} Bc6 {[%emt 0:00:29]} 42. Qd1 {[%emt 0:00:47]} Bxh2 {[%emt 0:01:27]} 43. Nxh2 {[%emt 0:03:33]} Qe5 {[%emt 0:06:54]} 44. Qc1 {[%emt 0:05:48]} Qxh2 {[%emt 0:00:30]} 45. e5 {[%emt 0:00:30]} dxe5 {[%emt 0:00:30]} 46. Qe3 {[%emt 0:00:30]} e4 {[%emt 0:00:30]} 47. Qb6 {[%emt 0:00:30]} Qd6 {[%emt 0:00:30]} 48. Rd1 {[%emt 0:00:30]} Rb7 {[%emt 0:00:00]} 49. Rxd6 {[%emt 0:00:40]} Rxb6 {[%emt 0:00:30]} 50. c5 {[%emt 0:00:30]} Rc8 {[%emt 0:00:30]} 51. Re1 {[%emt 0:00:30]} Rb5 {[%emt 0:00:30]} 52. Rd4 {[%emt 0:00:30]} f5 {[%emt 0:00:30]} 53. gxf5 {[%emt 0:00:30]} exf5 {[%emt 0:00:30]} 54. Bd3 {[%emt 0:00:30]} Rxc5 {[%emt 0:00:30]} 55. Rxb4 {[%emt 0:00:30]} h3 {[%emt 0:00:30]} 56. Ba6 {[%emt 0:00:30]} Rd8 {[%emt 0:00:30]} 0-1

[Event "7th Cesme Open-A 2019"]
[Site "Cesme"]
[Date "2019.06.25"]
[Round "2"]
[White "Dogan, Nazmi Can"]
[Black "Quparadze, Giga"]
[Result "0-1"]
[WhiteElo "2276"]
[BlackElo "2498"]
[Annotator "TA"]
[PlyCount "132"]
[EventDate "2019.06.24"]
[EventType "swiss"]
[EventCountry "TUR"]
[SourceTitle "playchess.com"]
[Source "ChessBase"]
[SourceQuality "1"]

{[%evp 15,132,14,16,13,18,7,34,14,17,7,9,0,38,39,39,46,41,42,40,38,72,73,62,62,68,51,58,43,66,64,70,82,73,62,62,45,58,16,12,17,16,0,0,0,0,0,0,0,0,0,0,0,48,-7,41,42,43,43,43,37,39,42,56,53,60,43,33,44,87,14,23,0,0,0,0,0,-2,-32,-22,-25,-9,-77,-80,-183,-167,-98,-85,-80,-87,-424,-387,-523,-521,-524,-456,-468,-335,-1149,-1622,-1365,-1395,-1675,-2365,-2052,-2006,-1275,-1543,-2289,-1290,-3522,-2565,-4761,-4618,-29992,-29983,-29983,-29982,-29982,-29983]} 1. d4 Nf6 2. Nf3 e6 3. Bg5 c5 4. e3 cxd4 5. exd4 Be7 6. Nbd2 O-O 7. Bd3 b6 8. O-O Bb7 9. a4 {A47: 1 d4 Nf6 2 Nf3 b6: Torre, London and Colle Systems} Nc6 10. c3 a6 (10... Nd5 11. Bxe7 Ncxe7 12. Re1 Qc7 13. Bf1 a6 14. Qb3 Rab8 15. Rac1 Nf6 16. Qa3 Ng6 {1-0 (62) Shimanov,A (2664)-Kononenko,D (2608) Pardubice 2013}) 11. Re1 {White is slightly better.} Nd5 12. Bxe7 Ncxe7 13. Bf1 f5 14. Qb3 $146 ({Predecessor:} 14. g3 Ng6 15. Bg2 Qc7 16. Ne5 Nxe5 17. Rxe5 f4 18. Qb3 Rf7 19. c4 Ne7 20. Bxb7 Qxb7 21. d5 fxg3 22. hxg3 exd5 23. cxd5 d6 24. Re6 Rd8 {½-½ (24) Valiente,C (2389)-Giaccio,A (2508) Montevideo 2000}) 14... Rb8 15. Qa3 Ng6 16. c4 Nf6 17. Ne5 Ng4 18. Nxg6 hxg6 19. h3 Nh6 20. d5 {[%mdl 64] [#] Decoy} exd5 21. cxd5 Bxd5 22. Qd6 Bb7 23. Qxg6 Qf6 24. Qxf6 (24. Qg3 {with more complications.} Nf7 25. Qb3 d5 26. Nf3 Rbe8 27. Rac1) 24... Rxf6 25. Nc4 Nf7 26. Ne5 Nxe5 27. Rxe5 Kf8 28. Rae1 Be4 29. Bc4 g6 30. f3 d6 31. Re6 Rxe6 32. Bxe6 $11 {[%mdl 4096] Endgame KRB-KRB} Bc6 33. Bb3 Be8 34. Rc1 ({White should play} 34. Re6 $14) 34... Rb7 35. Rc8 Ke7 36. Bd5 Ra7 37. b3 b5 38. a5 Bf7 39. Bxf7 Kxf7 $14 {KR-KR} 40. Kf2 f4 41. h4 Ke6 42. Ke2 (42. g4 $16) 42... Kd5 43. Re8 Rh7 44. Ra8 Rxh4 45. Rxa6 Rh2 46. Kf2 Rh1 47. Ra8 Rb1 48. Rb8 (48. a6 $1 $11) 48... Kc5 $17 49. a6 {[#]} (49. Rc8+ $17 Kb4 50. a6 Rb2+ 51. Ke1) 49... Ra1 $1 $19 50. Rc8+ Kb4 51. Rc6 Ra2+ ({Don't play} 51... Kxb3 52. Rxd6 Ra2+ 53. Ke1 $15) 52. Kf1 $2 {[%mdl 8192]} (52. Ke1 $17 {was the crucial defense.}) 52... d5 53. Rxg6 Kxb3 54. Rd6 Kc4 55. Rc6+ Kd4 56. Rb6 $2 (56. Ke1 Rxg2 57. Rb6) 56... Kc5 57. Rb8 Rxa6 58. Ke2 Kc4 59. Rc8+ Kd4 60. Rb8 Ra2+ 61. Ke1 Rb2 62. Rf8 b4 {[%cal Bb5b4,Bb4b3,Bb3b2][%mdl 32]} 63. Kd1 b3 64. Rxf4+ Kc3 {Black mates.} 65. Rf8 Rd2+ 66. Ke1 b2 {Accuracy: White = 33%, Black = 77%.} 0-1

[Event "7th Cesme Open-A 2019"]
[Site "Cesme"]
[Date "2019.06.25"]
[Round "2"]
[White "Kazimova, Narmin"]
[Black "Erdogdu, Mert"]
[Result "0-1"]
[WhiteElo "2271"]
[BlackElo "2391"]
[Annotator "RC"]
[PlyCount "106"]
[EventDate "2019.06.24"]
[EventType "swiss"]
[EventCountry "TUR"]
[SourceTitle "playchess.com"]
[Source "ChessBase"]
[SourceQuality "1"]
[TimeControl "5400+30"]

1. d4 {[%emt 0:00:30]} Nf6 {[%emt 0:04:30]} 2. c4 {[%emt 0:00:00]} g6 {[%emt 0:00:30]} 3. Nf3 {[%emt 0:00:00]} Bg7 {[%emt 0:00:30]} 4. g3 {[%emt 0:00:30]} O-O {[%emt 0:00:00]} 5. Bg2 {[%emt 0:00:30]} d6 {[%emt 0:00:00]} 6. O-O {[%emt 0:00:00]} Nc6 {[%emt 0:00:00]} 7. Nc3 {[%emt 0:00:00]} a6 {[%emt 0:00:00]} 8. Re1 {[%emt 0:00:00]} Bd7 {[%emt 0:00:30]} 9. e4 {[%emt 0:03:00]} e5 {[%emt 0:05:30]} 10. d5 {[%emt 0:01:30]} Ne7 {[%emt 0:04:30]} 11. Bd2 {[%emt 0:09:30]} Ne8 {[%emt 0:01:30]} 12. b4 {[%emt 0:05:30]} h6 {[%emt 0:06:30]} 13. c5 {[%emt 0:11:30]} f5 {[%emt 0:00:30]} 14. Qb3 {[%emt 0:05:30]} Kh7 {[%emt 0:03:30]} 15. exf5 {[%emt 0:02:30]} gxf5 {[%emt 0:01:30]} 16. Be3 {[%emt 0:06:30]} Ng6 {[%emt 0:11:30]} 17. Rad1 {[%emt 0:03:30]} Nf6 {[%emt 0:10:30]} 18. Bc1 {[%emt 0:11:30]} Rb8 {[%emt 0:16:30]} 19. a4 {[%emt 0:04:30]} Kh8 {[%emt 0:05:30]} 20. Nd2 {[%emt 0:09:30]} b6 {[%emt 0:06:30]} 21. c6 {[%emt 0:09:42]} Bc8 {[%emt 0:00:30]} 22. b5 {[%emt 0:00:25]} axb5 {[%emt 0:01:24]} 23. axb5 {[%emt 0:00:58]} Nh7 {[%emt 0:03:01]} 24. Bb2 {[%emt 0:05:12]} h5 {[%emt 0:00:39]} 25. Ra1 {[%emt 0:03:58]} h4 {[%emt 0:00:19]} 26. Ra7 {[%emt 0:01:00]} Ng5 {[%emt 0:03:10]} 27. Qd1 {[%emt 0:02:14]} Bh6 {[%emt 0:06:15]} 28. Qh5 {[%emt 0:00:13]} Kh7 {[%emt 0:00:39]} 29. Nf3 {[%emt 0:01:14]} Nxf3+ {[%emt 0:01:51]} 30. Bxf3 {[%emt 0:00:02]} Kg7 {[%emt 0:01:03]} 31. Bg2 {[%emt 0:01:18]} Rh8 {[%emt 0:02:01]} 32. Qd1 {[%emt 0:00:30]} hxg3 {[%emt 0:00:35]} 33. hxg3 {[%emt 0:01:33]} Kg8 {[%emt 0:00:36]} 34. Qc2 {[%emt 0:01:26]} Rh7 {[%emt 0:00:17]} 35. Rea1 {[%emt 0:00:45]} Rf7 {[%emt 0:01:54]} 36. Ra8 {[%emt 0:00:36]} Rxa8 {[%emt 0:00:30]} 37. Rxa8 {[%emt 0:00:30]} Rf8 {[%emt 0:00:00]} 38. Ne2 {[%emt 0:00:45]} Qe7 {[%emt 0:00:42]} 39. Rxc8 {[%emt 0:00:50]} Rxc8 {[%emt 0:00:30]} 40. Qxf5 {[%emt 0:00:30]} Qe8 {[%emt 0:00:30]} 41. Bh3 {[%emt 0:00:30]} Ra8 {[%emt 0:00:30]} 42. Qh5 {[%emt 0:00:14]} Kg7 {[%emt 0:00:57]} 43. Nc3 {[%emt 0:00:01]} Nf8 {[%emt 0:01:20]} 44. Qh4 {[%emt 0:01:02]} Qg6 {[%emt 0:00:48]} 45. Ne4 {[%emt 0:00:19]} Ra4 {[%emt 0:02:05]} 46. Qe7+ {[%emt 0:00:12]} Kh8 {[%emt 0:00:00]} 47. Nf6 {[%emt 0:00:45]} Rb4 {[%emt 0:00:39]} 48. Bc3 {[%emt 0:00:29]} Rb1+ {[%emt 0:00:43]} 49. Kg2 {[%emt 0:00:30]} Bg7 {[%emt 0:00:14]} 50. Bxe5 {[%emt 0:01:03]} dxe5 {[%emt 0:00:30]} 51. d6 {[%emt 0:00:30]} cxd6 {[%emt 0:00:30]} 52. c7 {[%emt 0:00:30]} Rc1 {[%emt 0:00:30]} 53. Bd7 {[%emt 0:00:30]} Rxc7 {[%emt 0:00:00]} 0-1